[Event "Saint Louis Winter-B"]
[Site "Saint Louis"]
[Date "2019.11.14"]
[Round "5"]
[White "Moradiabadi, Elshan"]
[Black "Erenburg, Sergey"]
[Result "1/2-1/2"]
[WhiteElo "2552"]
[BlackElo "2581"]
[PlyCount "116"]
[EventDate "2019.11.10"]
[EventType "tourn"]
[EventRounds "9"]
[EventCountry "USA"]
[EventCategory "12"]
[SourceTitle "EXT 2021"]
[Source "ChessBase"]
[SourceDate "2020.10.23"]
[SourceVersion "1"]
[SourceVersionDate "2020.10.23"]
[SourceQuality "1"]

1. e4 c6 2. d4 d5 3. e5 Bf5 4. h4 h5 5. c4 e6 6. Nc3 Ne7 7. Nge2 Nd7 8. Ng3 Bg6 9. Bg5 Qb6 10. Rc1 f6 11. exf6 gxf6 12. Be3 Qxb2 13. cxd5 Nxd5 14. Nxd5 exd5 15. Bd3 Qb4+ 16. Kf1 Bxd3+ 17. Qxd3 0-0-0 18. Bf4 Re8 19. Kg1 Rg8 20. Qd1 Bd6 21. Rb1 Qa3 22. Bxd6 Qxd6 23. Qxh5 Qf4 24. Qd1 Rg4 25. h5 Rh8 26. Qb3 Nb6 27. a4 Rg7 28. Qd3 Nc4 29. h6 Rgh7 30. Qf5+ Qxf5 31. Nxf5 Kc7 32. Re1 Kd7 33. Rb1 Nd6 34. Nxd6 Kxd6 35. Rb3 b6 36. Rbh3 c5 37. f4 f5 38. Kf2 cxd4 39. Rh5 Rf8 40. Kf3 Rf6 41. g4 fxg4+ 42. Kxg4 d3 43. Kg5 Rhf7 44. Rf1 d2 45. Rhh1 Rf5+ 46. Kg4 d1Q+ 47. Rxd1 Rxf4+ 48. Kg5 R4f5+ 49. Kg4 Rf4+ 50. Kg5 R7f5+ 51. Kg6 Rf6+ 52. Kg5 R4f5+ 53. Kg4 Rf4+ 54. Kg5 R6f5+ 55. Kg6 Rf6+ 56. Kg5 R4f5+ 57. Kg4 Rf4+ 58. Kg5 R6f5+ 1/2-1/2

[Event "Saint Louis Winter-B"]
[Site "Saint Louis"]
[Date "2019.11.10"]
[Round "1"]
[White "Khachiyan, Melikset"]
[Black "Erenburg, Sergey"]
[Result "1-0"]
[WhiteElo "2493"]
[BlackElo "2581"]
[PlyCount "141"]
[EventDate "2019.11.10"]
[EventType "tourn"]
[EventRounds "9"]
[EventCountry "USA"]
[EventCategory "12"]
[SourceTitle "EXT 2021"]
[Source "ChessBase"]
[SourceDate "2020.10.23"]
[SourceVersion "1"]
[SourceVersionDate "2020.10.23"]
[SourceQuality "1"]

1. e4 c6 2. d4 d5 3. Nc3 dxe4 4. Nxe4 Bf5 5. Ng3 Bg6 6. h4 h6 7. Nf3 Nd7 8. h5 Bh7 9. Bd3 Bxd3 10. Qxd3 e6 11. Bd2 Ngf6 12. 0-0-0 Be7 13. Ne4 Nxe4 14. Qxe4 Nf6 15. Qe2 Qd5 16. c4 Qe4 17. Qxe4 Nxe4 18. Be3 0-0 19. Ne5 Rfd8 20. g4 a5 21. f3 Nd6 22. Rd3 f6 23. Ng6 Kf7 24. Rc3 b5 25. c5 Ne8 26. Re1 Nc7 27. Rc2 Nd5 28. Rce2 Re8 29. Bd2 Bd8 30. f4 Bc7 31. f5 exf5 32. Rxe8 Rxe8 33. Rxe8 Kxe8 34. gxf5 a4 35. Kc2 Bg3 36. Kd3 Kf7 37. Ke4 Ke8 38. Kf3 Bc7 39. Nh4 Bh2 40. Ng2 Bc7 41. Ne1 Bh2 42. Nd3 Bc7 43. Ke4 Kd7 44. a3 Bh2 45. Nb4 Nxb4 46. Bxb4 Bg3 47. Bd2 Bh4 48. Kd3 Bg5 49. Be1 Bf4 50. Kc2 Be3 51. Bc3 Bf4 52. b3 axb3+ 53. Kxb3 Be3 54. a4 bxa4+ 55. Kxa4 Kc8 56. Kb3 Kd7 57. Kc4 Bf4 58. Kd3 Bg5 59. Ke4 Bh4 60. Bd2 Bg5 61. Bf4 Ke8 62. Bd6 Bd2 63. d5 Kd7 64. Bf8 Bb4 65. Kd4 Bd2 66. Bxg7 cxd5 67. Kxd5 Ke7 68. c6 Bf4 69. Ke4 Bc1 70. Bf8+ Ke8 71. Bd6 1-0

[Event "World op 47th"]
[Site "Philadelphia"]
[Date "2019.07.06"]
[Round "7"]
[White "Erenburg, Sergey"]
[Black "Burke, John M"]
[Result "1/2-1/2"]
[WhiteElo "2574"]
[BlackElo "2562"]
[PlyCount "100"]
[EventDate "2019.07.03"]
[EventType "swiss"]
[EventRounds "9"]
[EventCountry "USA"]
[SourceTitle "CBM 191 Extra"]
[Source "ChessBase"]
[SourceDate "2019.09.30"]
[SourceVersion "1"]
[SourceVersionDate "2019.09.30"]
[SourceQuality "1"]

1. e4 e5 2. Nf3 Nc6 3. Bb5 a6 4. Ba4 Nf6 5. 0-0 Bc5 6. c3 0-0 7. d4 Ba7 8. dxe5 Nxe4 9. Qd5 Nc5 10. Bc2 Ne7 11. Qd1 d5 12. exd6 Qxd6 13. Qxd6 cxd6 14. Rd1 Bg4 15. Be3 Nf5 16. Bxf5 Bxf5 17. Rxd6 Ne4 18. Rd1 Bxe3 19. fxe3 Rfe8 20. Na3 Nf6 21. Nc4 Re7 22. Rd4 Be4 23. a4 Bc6 24. Nfe5 Be8 25. Nb6 Rb8 26. Nec4 Bc6 27. Rad1 g6 28. h3 Kg7 29. a5 Ne4 30. Rd8 Rxd8 31. Rxd8 Ng3 32. Kf2 Nh1+ 33. Kg1 Ng3 34. Nd5 Re4 35. Ndb6 h5 36. Nd2 Rxe3 37. Kf2 Re2+ 38. Kxg3 g5 39. Nf3 h4+ 40. Nxh4 gxh4+ 41. Kxh4 Bxg2 42. Nc4 Bc6 43. Rd4 f6 44. Kg4 Kg6 45. h4 Rg2+ 46. Kh3 Rf2 47. Rg4+ Kh5 48. Rd4 Rf3+ 49. Kh2 Rf2+ 50. Kh3 Rf3+ 1/2-1/2

[Event "PRO League Stage"]
[Site "Chess.com INT"]
[Date "2019.03.13"]
[Round "10"]
[White "Checa, Nicolas D"]
[Black "Erenburg, Sergey"]
[Result "1-0"]
[WhiteElo "2508"]
[BlackElo "2589"]
[PlyCount "195"]
[EventDate "2019.01.08"]
[EventType "team-swiss (rapid)"]
[EventRounds "10"]
[EventCountry "USA"]
[SourceTitle "CBM 189 Extra"]
[Source "ChessBase"]
[SourceDate "2019.06.03"]
[SourceVersion "1"]
[SourceVersionDate "2019.06.03"]
[SourceQuality "1"]
[WhiteTeam "Montclair Sopranos"]
[BlackTeam "Pittsburgh Pawngrabbers"]
[WhiteTeamCountry "USA"]
[BlackTeamCountry "USA"]

1. d4 d5 2. c4 c6 3. Nf3 Nf6 4. e3 a6 5. Bd3 Bg4 6. h3 Bh5 7. 0-0 e6 8. b3 Nbd7 9. Bb2 Bd6 10. Nbd2 Qb8 11. Re1 0-0 12. Qc2 Bg6 13. Bxg6 hxg6 14. e4 dxe4 15. Nxe4 Nxe4 16. Qxe4 Nf6 17. Qe2 Rd8 18. a3 a5 19. Rad1 Qc7 20. g3 Rab8 21. Rc1 Qe7 22. c5 Bc7 23. b4 axb4 24. axb4 b5 25. cxb6 Rxb6 26. Ne5 Bxe5 27. dxe5 Nd5 28. Bd4 Rb7 29. Bc5 Qg5 30. h4 Qh5 31. Bd6 Qxe2 32. Rxe2 Ra8 33. Re4 Ra6 34. Kg2 Rab6 35. Rb1 Nc3 36. Rbe1 Nxe4 37. Rxe4 Ra6 38. Rc4 Rb5 39. Bc5 Rb7 40. Rd4 Ra8 41. Rd6 Rc8 42. Rd2 f6 43. f4 Kf7 44. Kf3 Ra8 45. Kg4 Rc8 46. Rd6 Rbc7 47. Rd1 Ke8 48. Ra1 Rd7 49. Bd6 Kf7 50. Ra6 Rb7 51. Ra3 Rd7 52. Ra6 Kg8 53. Ra1 f5+ 54. Kf3 Rcd8 55. Ra6 Rc8 56. Ke3 Kh7 57. Kd4 Rb7 58. Kc5 Rb5+ 59. Kc4 Kh6 60. Ra7 Rd5 61. Re7 Ra8 62. Rxe6 Ra3 63. Re8 Kh5 64. Rg8 Rad3 65. Bc5 Rxg3 66. e6 Rf3 67. e7 Rxf4+ 68. Kb3 Re4 69. e8Q Rxe8 70. Rxe8 f4 71. Kc4 f3 72. Rf8 Rf5 73. Rxf5+ gxf5 74. Bf2 g5 75. hxg5 Kxg5 76. Kd4 Kg4 77. Ke3 Kg5 78. Kxf3 Kf6 79. Kf4 Ke6 80. Bc5 Kf6 81. Bd4+ Ke6 82. Bg1 Kf6 83. Ke3 Ke5 84. Kd3 Kd5 85. Kc3 f4 86. Bf2 f3 87. Kd3 Ke5 88. Kc4 Kd6 89. Kd4 Kc7 90. Ke4 Kb7 91. Kxf3 Ka6 92. Ke4 Kb5 93. Bc5 Kc4 94. Ke5 Kb5 95. Kd6 Ka6 96. Kc7 Kb5 97. Kb7 Kc4 98. Kxc6 1-0

[Event "PRO League Stage"]
[Site "Chess.com INT"]
[Date "2019.03.13"]
[Round "10"]
[White "Erenburg, Sergey"]
[Black "Iturrizaga Bonelli, Eduardo"]
[Result "0-1"]
[WhiteElo "2589"]
[BlackElo "2637"]
[PlyCount "66"]
[EventDate "2019.01.08"]
[EventType "team-swiss (rapid)"]
[EventRounds "10"]
[EventCountry "USA"]
[SourceTitle "CBM 189 Extra"]
[Source "ChessBase"]
[SourceDate "2019.06.03"]
[SourceVersion "1"]
[SourceVersionDate "2019.06.03"]
[SourceQuality "1"]
[WhiteTeam "Pittsburgh Pawngrabbers"]
[BlackTeam "Miami Champions"]
[WhiteTeamCountry "USA"]
[BlackTeamCountry "USA"]

1. e4 c5 2. Nf3 e6 3. c3 Nf6 4. e5 Nd5 5. d4 cxd4 6. cxd4 b6 7. Nc3 Bb7 8. Bd3 Be7 9. 0-0 0-0 10. Ne4 Nc6 11. a3 d6 12. Qe2 dxe5 13. dxe5 Qc7 14. Ng3 Rfd8 15. h4 Na5 16. Bg5 h6 17. Rac1 Qd7 18. Bb5 Bc6 19. Bxc6 Nxc6 20. Bxe7 Ncxe7 21. Qe4 Rac8 22. Nd4 Ng6 23. Nde2 Qb5 24. h5 Nge7 25. b4 Qa6 26. Qf3 Nc6 27. Nd4 Nxd4 28. Qg4 Rxc1 29. Rxc1 Qxa3 30. Rc4 Nxb4 31. Ne4 Nbc6 32. Nf6+ Kh8 33. Qf4 Ne2+ 0-1

[Event "PRO League Stage"]
[Site "Chess.com INT"]
[Date "2019.03.13"]
[Round "10"]
[White "Hansen, Eric"]
[Black "Erenburg, Sergey"]
[Result "1/2-1/2"]
[WhiteElo "2615"]
[BlackElo "2589"]
[PlyCount "109"]
[EventDate "2019.01.08"]
[EventType "team-swiss (rapid)"]
[EventRounds "10"]
[EventCountry "USA"]
[SourceTitle "CBM 189 Extra"]
[Source "ChessBase"]
[SourceDate "2019.06.03"]
[SourceVersion "1"]
[SourceVersionDate "2019.06.03"]
[SourceQuality "1"]
[WhiteTeam "Montreal Chessbrahs"]
[BlackTeam "Pittsburgh Pawngrabbers"]
[WhiteTeamCountry "CAN"]
[BlackTeamCountry "USA"]

1. e4 c6 2. d4 d5 3. e5 Bf5 4. Nf3 e6 5. Be2 Ne7 6. c3 Bg6 7. 0-0 Nf5 8. Nbd2 Be7 9. g4 Nh6 10. h3 Ng8 11. Ne1 h5 12. gxh5 Bf5 13. Bg4 Nh6 14. Ng2 Nd7 15. Nb3 Qb6 16. Bxh6 Rxh6 17. Bxf5 exf5 18. Qf3 0-0-0 19. Ne3 g6 20. hxg6 fxg6 21. Kg2 Rdh8 22. Rh1 Nf8 23. h4 Ne6 24. h5 Rxh5 25. Rxh5 Rxh5 26. Rh1 Rxh1 27. Kxh1 Qd8 28. Qh3 Bg5 29. Qh7 Bf4 30. Ng2 Qg5 31. Qh4 b6 32. Kg1 a5 33. a4 Qxh4 34. Nxh4 Nf8 35. Kf1 Bg5 36. Nf3 Be7 37. Nc1 Ne6 38. Ne2 b5 39. b3 Kd7 40. Ke1 Ke8 41. Nd2 Bg5 42. Nf3 Bh6 43. Nh4 Kf7 44. Kd1 bxa4 45. bxa4 c5 46. Kc2 c4 47. Ng2 Ke8 48. Nh4 Bg5 49. Ng2 Kd7 50. Kb2 Kc6 51. Ka2 Kd7 52. Kb2 Kc6 53. Ka2 Kd7 54. Kb2 Kc6 55. Ka2 1/2-1/2

[Event "Saint Louis Spring-B"]
[Site "Saint Louis"]
[Date "2019.03.04"]
[Round "3"]
[White "Erenburg, Sergey"]
[Black "Chirila, Ioan Cristian"]
[Result "0-1"]
[WhiteElo "2576"]
[BlackElo "2566"]
[PlyCount "106"]
[EventDate "2019.03.02"]
[EventType "tourn"]
[EventRounds "9"]
[EventCountry "USA"]
[EventCategory "13"]
[SourceTitle "CBM 189"]
[Source "ChessBase"]
[SourceDate "2019.04.29"]
[SourceVersion "1"]
[SourceVersionDate "2019.04.29"]
[SourceQuality "1"]

1. e4 c5 2. Nf3 Nc6 3. d4 cxd4 4. Nxd4 Qb6 5. Nb3 Nf6 6. Nc3 e6 7. Bd3 a6 8. Be3 Qc7 9. f4 d6 10. Qf3 Be7 11. g4 b5 12. g5 Nd7 13. 0-0-0 Nb4 14. Kb1 Nxd3 15. cxd3 b4 16. Ne2 a5 17. Rc1 Qb7 18. h4 a4 19. Nd2 a3 20. b3 d5 21. Bd4 0-0 22. h5 Qb5 23. g6 h6 24. gxf7+ Rxf7 25. Qg3 Ba6 26. Rh3 Nc5 27. Qg6 Nxe4 28. Nxe4 dxe4 29. Rg1 Qf5 30. Qg2 Bf8 31. dxe4 Qb5 32. Nc1 Rd8 33. Be5 Bb7 34. Rg3 Qc6 35. Re1 Rdd7 36. Rg6 Bc5 37. f5 Bd4 38. Rxe6 Qc3 39. Bxd4 Rxd4 40. Re8+ Rf8 41. f6 Rd7 42. Rxf8+ Kxf8 43. Re2 Qxf6 44. Qg4 Rd4 45. e5 Rxg4 46. exf6 Be4+ 47. Ka1 gxf6 48. Rf2 Kf7 49. Ne2 f5 50. Ng3 Rxg3 51. Rxf5+ Ke6 52. Re5+ Kd6 53. Re6+ Kc5 0-1

[Event "PRO League Stage"]
[Site "Chess.com INT"]
[Date "2019.02.27"]
[Round "8"]
[White "Erenburg, Sergey"]
[Black "Rosenthal, Nicholas"]
[Result "1-0"]
[WhiteElo "2589"]
[BlackElo "2180"]
[PlyCount "99"]
[EventDate "2019.01.08"]
[EventType "team-swiss (rapid)"]
[EventRounds "10"]
[EventCountry "USA"]
[SourceTitle "CBM 189 Extra"]
[Source "ChessBase"]
[SourceDate "2019.06.03"]
[SourceVersion "1"]
[SourceVersionDate "2019.06.03"]
[SourceQuality "1"]
[WhiteTeam "Pittsburgh Pawngrabbers"]
[BlackTeam "Saint Louis Arch Bishops"]
[WhiteTeamCountry "USA"]
[BlackTeamCountry "USA"]

1. e4 e6 2. d4 d5 3. Nd2 dxe4 4. Nxe4 Nd7 5. Bd3 Ngf6 6. Qe2 Be7 7. Nf3 c5 8. 0-0 cxd4 9. Rd1 0-0 10. Nxd4 a6 11. Nxf6+ Nxf6 12. Bf4 Qb6 13. c3 Bd7 14. a4 Nd5 15. Be5 Bf6 16. a5 Qa7 17. Qe4 g6 18. Bc4 Bc6 19. Bxf6 Nxf6 20. Qe5 Nd7 21. Qd6 Nf6 22. Qe5 Nd7 23. Qe3 Qc5 24. Be2 Rac8 25. Rd2 Qe7 26. Rad1 Nf6 27. Nxc6 Rxc6 28. Bf3 Rc5 29. Bxb7 Qxb7 30. Qxc5 Ne4 31. Qb6 Qxb6 32. axb6 Nxd2 33. Rxd2 Rb8 34. Rd6 Kf8 35. c4 Ke7 36. c5 e5 37. b4 f5 38. Kf1 e4 39. Ke2 g5 40. Ke3 Kf7 41. Kd4 Re8 42. c6 f4 43. c7 e3 44. fxe3 fxe3 45. Rd8 Re7 46. c8Q e2 47. Rf8+ Kg7 48. Rg8+ Kh6 49. Qf8+ Rg7 50. Qxg7+ 1-0

[Event "PRO League Stage"]
[Site "Chess.com INT"]
[Date "2019.02.14"]
[Round "6"]
[White "Erenburg, Sergey"]
[Black "Gao, Rui"]
[Result "1-0"]
[WhiteElo "2589"]
[BlackElo "2543"]
[PlyCount "67"]
[EventDate "2019.01.08"]
[EventType "team-swiss (rapid)"]
[EventRounds "10"]
[EventCountry "USA"]
[SourceTitle "CBM 189 Extra"]
[Source "ChessBase"]
[SourceDate "2019.06.03"]
[SourceVersion "1"]
[SourceVersionDate "2019.06.03"]
[SourceQuality "1"]
[WhiteTeam "Pittsburgh Pawngrabbers"]
[BlackTeam "Miami Champions"]
[WhiteTeamCountry "USA"]
[BlackTeamCountry "USA"]

1. e4 c5 2. Nf3 d6 3. Bb5+ Nd7 4. c3 Ngf6 5. Qe2 a6 6. Ba4 b5 7. Bc2 Bb7 8. d4 e5 9. 0-0 Be7 10. Rd1 Qc7 11. dxe5 dxe5 12. a4 b4 13. a5 0-0 14. Nbd2 Rfe8 15. Nc4 Bf8 16. Bg5 h6 17. Bh4 bxc3 18. bxc3 Bc6 19. Bxf6 Nxf6 20. Nb6 Rad8 21. Bd3 Rxd3 22. Qxd3 Bxe4 23. Qxa6 Bxf3 24. gxf3 Qc6 25. Qc4 e4 26. Re1 Re5 27. a6 Rg5+ 28. Kh1 Qd6 29. Rxe4 Nxe4 30. Qxe4 Qd2 31. a7 Qxf2 32. f4 Rh5 33. Qg2 Qxf4 34. a8Q 1-0

[Event "PRO League Stage"]
[Site "Chess.com INT"]
[Date "2019.02.14"]
[Round "6"]
[White "Iturrizaga Bonelli, Eduardo"]
[Black "Erenburg, Sergey"]
[Result "1-0"]
[WhiteElo "2637"]
[BlackElo "2589"]
[PlyCount "55"]
[EventDate "2019.01.08"]
[EventType "team-swiss (rapid)"]
[EventRounds "10"]
[EventCountry "USA"]
[SourceTitle "CBM 189 Extra"]
[Source "ChessBase"]
[SourceDate "2019.06.03"]
[SourceVersion "1"]
[SourceVersionDate "2019.06.03"]
[SourceQuality "1"]
[WhiteTeam "Miami Champions"]
[BlackTeam "Pittsburgh Pawngrabbers"]
[WhiteTeamCountry "USA"]
[BlackTeamCountry "USA"]

1. c4 c6 2. g3 d5 3. Bg2 Nf6 4. Nf3 dxc4 5. 0-0 b5 6. a4 Bb7 7. d3 cxd3 8. Ne5 a6 9. Qxd3 Qxd3 10. Nxd3 e6 11. Nd2 Nbd7 12. Nb3 Nd5 13. Na5 0-0-0 14. axb5 axb5 15. Bf4 c5 16. Rfc1 Be7 17. b4 g5 18. Be3 c4 19. Nxc4 bxc4 20. Rxc4+ Kb8 21. Ba7+ Ka8 22. e4 Bf6 23. Ra5 Rc8 24. Bc5+ Kb8 25. exd5 Bxd5 26. Rb5+ Kc7 27. Be7+ Bxc4 28. Rb7# 1-0